Fr. Conceicao Rodrigues College of Engineering

Moderns made easy (Record no. 33756)

MARC details
000 -LEADER
fixed length control field 00279nam a2200133Ia 4500
082 ## - DEWEY DECIMAL CLASSIFICATION NUMBER
Classification number 621.380413
100 ## - MAIN ENTRY--PERSONAL NAME
Personal name Hakala D
245 ## - TITLE STATEMENT
Title Moderns made easy
260 ## - PUBLICATION, DISTRIBUTION, ETC.
Name of publisher, distributor, etc. Osborne
Place of publication, distribution, etc. New York
Date of publication, distribution, etc. 1995
546 ## - LANGUAGE NOTE
Language note ENGLISH
654 ## - SUBJECT ADDED ENTRY--FACETED TOPICAL TERMS
Focus term Moderns made easy
942 ## - ADDED ENTRY ELEMENTS (KOHA)
Koha item type BOOK
Holdings
Withdrawn status Lost status Damaged status Not for loan Collection Home library Current library Date acquired Source of acquisition Cost, normal purchase price Total Checkouts Full call number Barcode Date last seen Cost, replacement price Price effective from Koha item type
        CRC Fr. Agnel's C.Rodrigues College of Engineering Fr. Agnel's C.Rodrigues College of Engineering 17/03/2023 global books 535.70   621.380413 7288 17/03/2023 535.70   BOOK
        CRC Fr. Agnel's C.Rodrigues College of Engineering Fr. Agnel's C.Rodrigues College of Engineering 17/03/2023 global books 535.70   621.380413 7289 17/03/2023 535.70   BOOK